00685 2200277 4500001002100000005001500021035002000036040001700056100000900073245003000082250001000112300003000122020002000152041000800172082000800180084001400188090001300202260002500215650001600240850001000256008004100266990002500307990002500332990002500357990002500382INLIS00000000000233820260603084251 a0010-0220000189 aSBPUPADbInd aOrin1 aCerita Si Jerapah :bOrin aCet.6 a20 hlm :billus. ;c21 cm a978-979-077-191 aind a590 a590 ORI c a90 ORI c aDepok :bGema Insani 4acerita anak aPUPAD260603 1  a32.127/APBD/DPK/2019 a32.128/APBD/DPK/2019 a32.129/APBD/DPK/2019 a32.130/APBD/DPK/2019